| 000 | 01661nam a2200265 a 4500 | ||
|---|---|---|---|
| 001 | 000001796 | ||
| 005 | 20200929145714.0 | ||
| 008 | 090629s2006 cu ac 001 0 spa d | ||
| 020 | _a9592112886 | ||
| 040 |
_aDO-SdBNP _bspa _cBNPHU |
||
| 082 |
_a364.15 _bD485p |
||
| 100 | 1 |
_aDeulofeu, Ivón, _d1966- _95829 |
|
| 245 | 1 | 0 |
_aParaninfo : _bun magnicidio frustrado / _cIvón Deulofeu ; edición Ana María Caballero Labaut. |
| 260 |
_aLa Habana : _bCapitán San Luis, _c2006. |
||
| 300 |
_a242 p. : _bil., retrs. ; _c22 cm. |
||
| 505 | 2 | _aPor la verdad, todas las huellas -- El compromiso intransigente de la sociedad -- Luis Posada Carriles y Orlando Bosch -- El pasajero -- ¿Cómo se gestó el atentado? -- De Costa Rica a Panamá -- Llegada de Fidel a Panamá -- Terrorista del 11 de septiembre en Nueva York / Pedro Crispín Remón -- Proceso de extradición -- La fiscal Argentina Barrera instruye el caso -- Gaspar Jiménez Escobedo: el crimen en Mérida -- Fuga protegida -- La miamificación de los Estados Unidos -- Crónica de un "Acuerdo anunciado" -- El urbanista -- Los hijos del padre -- El gobierno de los Estados Unidos intenta salvar a Posada y exponer en el mundo el terrorismo -- La caja de Pandora de los Bush -- Queda en sus manos. | |
| 600 | 1 | 4 |
_aCASTRO RUZ, FIDEL, _d1926- _xATENTADOS _95830 |
| 650 | 4 |
_aTerrorismo _zCuba _95819 |
|
| 650 | 4 |
_aDelitos contra la persona _95831 |
|
| 651 | 4 |
_aCuba _xPolítica Y Gobierno _9541 |
|
| 651 | 4 |
_aEstados Unidos _xRelaciones Con Cuba _95832 |
|
| 651 | 4 |
_aCuba _xRelaciones Con Estados Unidos _95833 |
|
| 700 | 1 |
_aCaballero Labaut, Ana María _eed. _95834 |
|
| 910 | _aValidado. Control de calidad MMOLINA | ||
| 999 |
_c1673 _d1673 |
||